000 00868nam a2200253Ia 4500
003 OSt
005 20221005112158.0
006 a|||||r|||| 00| 0
007 ta
008 221004b |||||||| |||| 00| 0 pan d
020 _a8176015792 (hbk)
_cIndian Rupees 150
024 _a33797
037 _bGift, 28/09/2017,
_cTextual
040 _aCRL
_cCRL
_bpan
041 _2pan
_apan
082 _aQ8441:2M82,G, 153G2;P3
100 _aਜੋਧ ਸਿੰਘ, ਂਚ.
245 0 _aਗੁਰਮਤਿ ਨਿਰਣਯ
260 _aਅੰਮ੍ਰਿਤਸਰ
_bਚਤਰ ਸਿੰਘ ਜੀਵਨ ਸਿੰਘ ਭਾਰਤ
_c2003
300 _a248ਪ੍ਰ0
_ccm.
650 _aਸਿੱਖ ਧਰਮ
_9156314
942 _hQ8441:2M82,G, 153G2;P3
_cTEXL
_2cc
999 _c1024087
_d1024087